000 00469cam a2200193ua 4500
001 10237
005 20260515114608.0
008 171024n ii |||gr||||Z||||||asm
040 _cMAIN
041 _aasm
082 _a891.45103
100 _aKotoky, Prafulla,
_eAuthor.,
245 _aSahitya sangya kosh
_cBy Prafulla Kotoky
250 _a3rd ed.
260 _aGuwahati:
_bJyoti prakashan,
_c2013.
300 _a280p.
653 _aAssamese thesaurus
942 _cBK
999 _c9225
_d9225